01001cam a22003135a 4500001001000000003000900010005001700019008004100036020001500077020001800092040004500110082002100155100004400176245004000220264003200260300002300292336002600315337002800341338002700369650004400396650003200440650002900472651001000501653001300511655002400524942001200548999001700560952011000577013302128EG-ScBUE20220203091027.0050124s2005 enk f 000 1 eng d a1405032553 a9781405032551 aStDuBDSbengerdacStDuBDSdUkdEG-ScBUE04222a823.914bARC1 aArcher, Jeffrey,d1940-eauthor.94070910aFalse impression /cJeffrey Archer. 1aLondon :bMacmillan,c2005. a384 pages ;c24 cm 2rdacontentatextbtxt 2rdamediaaunmediatedbn 2rdacarrieravolumebnc 7aMissing personsvFiction.2BUEsh924368 7aArt theftsvFiction.2BUEsh 7aRevengevFiction.2BUEsh 2BUEsh bHHUUEENN vReading book934232 2ddccBB c26216d26188 00102ddc4070aMAINbMAINc2NDd2018-03-04o823.914 ARCp000047323r2025-11-13 00:00:00w2018-03-04yBB